LEADER 01316nam 2200373 450 001 000011663 005 20050718115400.0 010 $a0-12-348050-7 100 $a20020917d1963----km-y0itay0103----ba 101 0 $aeng 102 $aUS 200 1 $aIntroduction to the theory of integration$fT. H. Hildebrandt 210 $aNew York [etc.]$cAcademic Press$d1963 215 $aIX, 385 p.$d24 cm. 225 1 $aPure and applied mathematics$vv. 13 606 $aCalcolo integrale 676 $a515.42$9Calcolo integrale ed equazioni integrali. Teoria della misura e dell'integrazione$v(20. ed.) 691 $a28-xx$9Measure and integration 700 1$aHildebrandt,$bT. H.$0440875 801 0$aIT$bUniversità della Basilicata - B.I.A.$gRICA$2unimarc 912 $a000011663 996 $aIntroduction to the theory of integration$979473 997 $aUNIBAS BAS $aMONSCI BAS $aMONOGR BAS $aSCIENZE CAT $aEXT002$b01$c20020917$lBAS01$h1715 CAT $c20050601$lBAS01$h1754 CAT $abatch$b01$c20050718$lBAS01$h1051 CAT $c20050718$lBAS01$h1110 CAT $c20050718$lBAS01$h1140 CAT $c20050718$lBAS01$h1154 FMT Z30 -1$lBAS01$LBAS01$mBOOK$1BASA5$ADipartimento Matematica$2GEN$BCollezione generale$3MAT$6830$5M830$820020917$f51$FRiservati LEADER 03410nas 2201081-a 450 001 9910133385103321 005 20260218110044.0 011 $a2477-9431 035 $a(CKB)110978977567371 035 $a(CONSER)sf-94090181- 035 $a(OCoLC)1105865517 035 $a(FlNmELB)ELB17178 035 $a(OCoLC)1105919845 035 $a(FlNmELB)ELB17241 035 $a(OCoLC)1105900675 035 $a(FlNmELB)ELB17290 035 $a(OCoLC)1105923514 035 $a(FlNmELB)ELB17265 035 $a(OCoLC)1105893831 035 $a(FlNmELB)ELB17123 035 $a(OCoLC)1105911899 035 $a(FlNmELB)ELB17344 035 $a(OCoLC)1105871040 035 $a(FlNmELB)ELB17128 035 $a(OCoLC)1105859377 035 $a(FlNmELB)ELB17348 035 $a(OCoLC)1105882966 035 $a(FlNmELB)ELB17074 035 $a(OCoLC)1105858032 035 $a(FlNmELB)ELB17395 035 $a(OCoLC)1105862497 035 $a(FlNmELB)ELB17079 035 $a(OCoLC)1105892203 035 $a(FlNmELB)ELB17335 035 $a(OCoLC)1105911781 035 $a(FlNmELB)ELB17157 035 $a(OCoLC)1105900447 035 $a(FlNmELB)ELB17164 035 $a(DE-599)ZDB2202563-7 035 $a(DE-599)2202563-7 035 $a(EXLCZ)99110978977567371 100 $a20790723a19749999 --- - 101 0 $aspa 135 $aurcnu|||||||| 181 $ctxt$2rdacontent 182 $cc$2rdamedia 183 $acr$2rdacarrier 200 10$aRevista de ciencias sociales 210 1$a[Maracaibo, Venezuela] :$cFacultad de Ciencias Económicas y Sociales, Universidad del Zulia,$d1974- 215 $a1 online resource 300 $aRefereed/Peer-reviewed 300 $aTitle from cover. 311 08$a1315-9518 517 1 $aRCS 517 3 $aRevista de la Facultad de Ciencias Económicas y Sociales, 531 $aREVISTA DE CIENCIAS SOCIALES 531 $aREV CIENC SOC-VENEZ 531 0 $aRev. cienc. soc.- Univ. Zulia., Fac. Cienc. Econ. Soc. 606 $aSocial sciences$zVenezuela$vPeriodicals 606 $aEconomics$vPeriodicals 606 $aEconomic history$2fast$3(OCoLC)fst00901974 606 $aEconomics$2fast$3(OCoLC)fst00902116 606 $aSocial conditions$2fast$3(OCoLC)fst01919811 606 $aSocial sciences$2fast$3(OCoLC)fst01122877 606 $aSocial science$zLatin America$2ltcsh 606 $aVenezuela$2stw 606 $aSozialwissenschaft$2stw 606 $aWirtschaftswissenschaft$2stw 607 $aVenezuela$xEconomic conditions$y1958-$vPeriodicals 607 $aVenezuela$xSocial conditions$vPeriodicals 607 $aVenezuela$2fast 608 $aPeriodicals.$2fast 615 0$aSocial sciences 615 0$aEconomics 615 7$aEconomic history. 615 7$aEconomics. 615 7$aSocial conditions. 615 7$aSocial sciences. 615 7$aSocial science 615 7$aVenezuela. 615 7$aSozialwissenschaft. 615 7$aWirtschaftswissenschaft. 676 $a330.987005 700 $aHerna?ndez Arias$b Aymara$01767939 702 $aPezoa Fuentes$b Claudia 712 02$aUniversidad del Zulia.$bFacultad de Ciencias Econo?micas y Sociales. 801 0$bFINmELB 801 1$bFINmELB 906 $aJOURNAL 912 $a9910133385103321 920 $aexl_impl conversion 996 $aRevista de ciencias sociales$94215408 997 $aUNINA